000 00789nas a2200265 4500
001 BR2010004701
003 BR-BrBNA
005 20231205114306.0
007 ta
008 230509b bl.|||p| |||| 00| 00por d
040 _aBR-BrBNA
_bpor
_cBiblioteca Nacional de Agricultura
041 _a(Pt)
072 _aQ04
100 1 _aPinto, M.F.
100 1 _aPonsano, E.H.G.
100 1 _aAlmeida, A.P. da S.
245 1 _aEspessura da lâmina de cisalhamento na avaliação instrumental da textura da carne
650 _aCARNE
650 _aBOVINO
650 _aESPESSURA
650 _aTEXTURA DE ALIMENTO
773 0 _tCiência Rural (Brazil)
_xISSN 0103-8478
_g(Jun 2010), v. 40(6) p. 1405-1410
_wBR2010004701
909 _a202311
_bLúcia
_c55
_dLúcia Elande
942 _2AGRIS
_n0
_cANA
999 _c208062
_d208062